[Event "FRA-ch U14 Girls"]
[Site "Aix les Bains"]
[Date "2009.04.19"]
[Round "1"]
[White "Gourdelier, Alice"]
[Black "Navrotescu, Andreea Cristiana"]
[Result "0-1"]
[WhiteElo "1460"]
[BlackElo "1853"]
[PlyCount "80"]
[EventDate "2009.04.19"]
[EventType "swiss"]
[EventRounds "9"]
[EventCountry "FRA"]
[SourceTitle "CBM 130 Extra"]
[Source "ChessBase"]
[SourceDate "2009.07.02"]
[SourceVersion "2"]
[SourceVersionDate "2009.07.15"]
[SourceQuality "1"]

1. e4 c5 2. c3 d5 3. Qc2 dxe4 4. Qxe4 Nc6 5. Nf3 Nf6 6. Qc2 g6 7. Bb5 Bd7 8. d3 Bg7 9. Bg5 a6 10. Bc4 b5 11. Bxf6 Bxf6 12. Bd5 Rc8 13. Nbd2 Ne5 14. Rd1 Bf5 15. Nxe5 Qxd5 16. Nef3 Bxd3 17. Qc1 Qe6+ 18. Ne4 Qxe4+ 19. Qe3 Qxe3+ 20. fxe3 Be4 21. 0-0 Bxf3 22. Rxf3 Rd8 23. Rff1 e6 24. a4 Ke7 25. Ra1 b4 26. Rfc1 bxc3 27. bxc3 Rd3 28. Ra3 Rb8 29. e4 Rb2 30. Rf1 Rdd2 31. Kh1 Rxg2 32. Rb1 Rxh2+ 33. Kg1 Rxb1+ 34. Kxh2 h5 35. Kh3 h4 36. e5 Bxe5 37. Kxh4 f5 38. c4 Bf6+ 39. Kg3 e5 40. Rd3 e4 0-1